| 000 | 00474nam a2200181Ia 4500 | ||
|---|---|---|---|
| 001 | 8558 | ||
| 005 | 20260306160618.0 | ||
| 008 | 260306t2019||||xx |||||||||||||| ||spa|| | ||
| 041 | _aESP | ||
| 082 |
_a371.102 _bD94 |
||
| 100 |
_aDoucet, Armand _eAUT |
||
| 245 | 0 |
_aLa enseñanza en la cuarta revolución industrial: _bal borde del precipicio |
|
| 260 | _c2019 | ||
| 300 |
_axxviii, 162 páginas : _c23 cm. |
||
| 650 | _aGEN | ||
| 654 | _aCED | ||
| 942 |
_cLIB _dJUS _fJUS _2ddc _n |
||
| 999 |
_c8558 _d8558 |
||